Las Trancas: análisis de tres coyunturas significativas y las cuestiones estratégicas, 1983-1989
Salvato in:
| Enti autori: | , |
|---|---|
| Natura: | Libro |
| Lingua: | spagnolo |
| Pubblicazione: |
Santiago
ECO
2012
|
| Serie: | Colección 30 Años, 1
|
| Soggetti: | |
| Tags: |
Aggiungi Tag
Nessun Tag, puoi essere il primo ad aggiungerne!!
|
MARC
| LEADER | 00000cam a2200000 a 4500 | ||
|---|---|---|---|
| 001 | UCF3496 | ||
| 003 | CL-VaPUC | ||
| 008 | 121018e20120000CL |||||||||||||||||spa|d | ||
| 020 | |a 9789569182044 | ||
| 082 | 0 | 4 | |a 320 |b ECO |2 21 |
| 110 | 2 | |a ECO |e author |9 565321 | |
| 710 | 2 | |a Educación y Comunicaciones |e author |9 565322 | |
| 245 | 1 | 4 | |a Las Trancas: análisis de tres coyunturas significativas y las cuestiones estratégicas, 1983-1989 |
| 300 | |a 186 | ||
| 942 | |c BK | ||
| 945 | |d 20121018 00:00:00 |a dcastane | ||
| 260 | |a Santiago |b ECO |c 2012 | ||
| 650 | 0 | |a Análisis político |9 393238 | |
| 650 | 0 | |a Ciencias Políticas |9 255201 | |
| 650 | 0 | |a Movimientos sociales |9 315241 | |
| 650 | 0 | |a Protesta social |9 343153 | |
| 583 | |a last modification |c 20121018 14:27:00 |k Rodrigo Vera | ||
| 490 | 0 | |a Colección 30 Años, 1 | |
| 999 | |c 349799 |d 349797 | ||
| 952 | |0 0 |1 0 |4 0 |6 320_000000000000000_ECO_2012 |7 0 |8 A |9 452590 |a BIBHIS |b BIBHIS |d 2019-11-22 |i 4915631 |o 320 ECO 2012 |p 4915631 |r 2025-01-20 |w 2019-11-22 |y BK |k HIS | ||